UBT Library

Equine law & horse sense / (Record no. 44830)

000 -LEADER
fixed length control field 00684cam a2200241 a 4500
001 - CONTROL NUMBER
control field 3982682
005 - DATE AND TIME OF LATEST TRANSACTION
control field 20180313050049.0
008 - FIXED-LENGTH DATA ELEMENTS--GENERAL INFORMATION
fixed length control field 960130s1996 miuk 000 0 eng
010 ## - LIBRARY OF CONGRESS CONTROL NUMBER
LC control number 95081890
020 ## - INTERNATIONAL STANDARD BOOK NUMBER
International Standard Book Number 0964843005
040 ## - CATALOGING SOURCE
Original cataloging agency DLC
Transcribing agency DLC
Modifying agency DLC
041 ## - LANGUAGE CODE
Language code of text/sound track or separate title eng
043 ## - GEOGRAPHIC AREA CODE
Geographic area code n-us---
080 ## - UNIVERSAL DECIMAL CLASSIFICATION NUMBER
Universal Decimal Classification number 343.73/07661 jul
082 00 - DEWEY DECIMAL CLASSIFICATION NUMBER
Classification number 343.73/07661 jul
Edition number 21
100 1# - Rafti
Rafti 14
101 ## - Shkurtesa
Shkurtesa jur
245 10 - TITLE STATEMENT
Title Equine law & horse sense /
Statement of responsibility, etc Julie I. Fershtman.
246 14 - VARYING FORM OF TITLE
Title proper/short title Equine law and horse sense
906 ## - LOCAL DATA ELEMENT F, LDF (RLIN)
a 7
b cbc
c orignew
d 2
e opcn
f 19
g y-gencatlg
942 ## - ADDED ENTRY ELEMENTS (KOHA)
Source of classification or shelving scheme
Item type Books
Holdings
Withdrawn status Lost status Source of classification or shelving scheme Damaged status Not for loan Collection code Permanent location Current location Shelving location Date acquired Total Checkouts Full call number Barcode Date last seen Price effective from Koha item type
          Koleksioni i përgjithshem UBT - Lipjan UBT - Lipjan Koleksioni i përgjithshem 03/13/2018   343.73/07661 jul 002-3002064 03/13/2018 03/13/2018 Books
UBT Library © 2015-2024. All rights reserved University Education for Business and Technology